| 000 | 00000nam##2200000za#4500 |
| 001 | 9.647762 |
| 003 | CaOODSP |
| 005 | 20210615112747 |
| 007 | ta |
| 008 | 150407|2000||||xxc||||| f|0| 0 eng|d |
| 020 | |a0-662-29010-0 |
| 040 | |aCaOODSP|beng |
| 043 | |an-cn--- |
| 086 | 1 |aMR21-22/2000E |
| 110 | 2 |aCanadian Institutes of Health Research. |
| 245 | 12|aA compendium of Canadian legislation respecting the protection of personal information in health research / |cEdited by Patricia Kosseim. |
| 260 | |aOttawa - Ontario : |bCanadian Institutes of Health Research |c2000. |
| 300 | |a1 vol. in various pagings. ; |c22 cm. |
| 500 | |aContents: Right to privacy.--Statutory tort of invasion of privacy.--Definitions.--Collection.--Use and disclosure.--Consent & substitute decision-making.--Safeguarding, retention and destruction.--Electronic records and data linkage.--Ethical norms. |
| 563 | |aSpiral binding |
| 590 | |a01-02|b2001-01-12 |
| 690 | 07|aConfidentiality|2gcpds |
| 690 | 07|aMedical research|2gcpds |
| 690 | 07|aMedical law|2gcpds |
| 720 | 1 |aKosseim, Patricia |
| 775 | 08|tRecueil des dispositions législatives canadiennes sur la protection des renseignements personnelles dans le contexte de la recherche en santé / |w(CaOODSP)9.681143 |
| 776 | 0#|tA compendium of Canadian legislation respecting the protection of personal information in health research / |w(CaOODSP)9.696389 |